书目信息 |
| 题名: |
歌曲手风琴伴奏技法
|
|
| 作者: | 白陆平 编著 | |
| 分册: | ||
| 出版信息: | 重庆 西南师范大学出版社 2000 |
|
| 页数: | 120页 | |
| 开本: | 26cm | |
| 丛书名: | 音乐教育丛书 | |
| 单 册: | ||
| 中图分类: | J624.3 | |
| 科图分类: | ||
| 主题词: | 手风琴--奏法 | |
| 电子资源: | ||
| ISBN: | 7-5621-2390-X | |
| 000 | 00627nam2 2200217 45 | |
| 001 | 0404131507 | |
| 005 | 20040413152421.1 | |
| 010 | @a7-5621-2390-X@dCNY13.00 | |
| 100 | @a20040413d2000 km y0chiy0120 ea | |
| 101 | 0 | @achi |
| 105 | @a z 000yy | |
| 200 | 1 | @a歌曲手风琴伴奏技法@AGe Qu Shou Feng Qin Ban Zou Ji Fa@f白陆平编著@FBai Lu Ping Bian Zhu |
| 210 | @a重庆@c西南师范大学出版社@d2000 | |
| 215 | @a120页@d26cm | |
| 225 | @a音乐教育丛书 | |
| 410 | @12001 @a音乐教育丛书 | |
| 606 | 0 | @a手风琴@x奏法 |
| 690 | @aJ624.3@v4 | |
| 701 | 0 | @a白陆平@4编著 |
| 801 | @aCN@bTSTC@c20040413 | |
| 905 | @b331459-463@dJ624.3@e124@f5 | |
| 歌曲手风琴伴奏技法/白陆平编著.-重庆:西南师范大学出版社,2000 |
| 120页;26cm.-(音乐教育丛书) |
| ISBN 7-5621-2390-X:CNY13.00 |
| ● |
| 相关链接 |
|
|
|
|
正题名:歌曲手风琴伴奏技法
索取号:J624.3/124
 
预约/预借
| 序号 | 登录号 | 条形码 | 馆藏地/架位号 | 状态 | 备注 |
| 1 | 0331459 | 203314591 | 第一借阅区/ [索取号:J624.3/124] | 在馆 | |
| 2 | 0331460 | 203314608 | 第一借阅区/ [索取号:J624.3/124] | 在馆 | |
| 3 | 0331461 | 203314617 | 第一借阅区/ [索取号:J624.3/124] | 在馆 | |
| 4 | 0331462 | 203314626 | 第一借阅区/ [索取号:J624.3/124] | 在馆 | |
| 5 | 0331463 | 203314635 | 第一样本阅览室/ [索取号:J624.3/124] | 在馆 |